000 01418nam a2200337 i 4500
003 EG-GICUC
005 20260127135932.0
008 260127s2012 ua ||||fr|||| 001 0 ara d
017 _a2012/17519
020 _a9789770471203
040 _a EG-GICUC
_bara
_c EG-GICUC
_d EG-GICUC
_erda
041 _aara
082 0 4 _a343.413
_bس ي . ج
_221
092 0 4 _221
099 _aLaw1 10 343.413 س ي . ج 1 ed - 2012 1006553
100 0 _aعادل علي المانع.
_eمؤلف.
245 1 2 _aالجرائم الضريبية والتصالح الضريبي في ضوء قانون الضرائب على الدخل الجديد رقم 91 لسنة 2005 :
_bالنظرية العامة والتطبيقات /
_cالدكتور السيد احمد محمد علام.
250 _aالطبعة الأولى،
264 1 _aالقاهرة :
_bدار النهضة العربية،
_c2012.
300 _a207 صفحة ؛
_c24 سم.
_bإيضاحيات، صور، مثيليات ؛
336 _2rda content
_atext
337 _2rda media
_aComputer
338 _2rda carrier
_aOnline Resource
504 _aيشتمل على ارجاعات ببليوجرافية.
546 _aالنص باللغة العربية
650 1 _aقانون العقوبات الضريبي.
_2qrmak
651 1 _2qrmak
856 4 0 _uhttps://fll.law.cu.edu.eg/fulltext/bks/B10-06553.pdf
905 _a18
942 _2ddc
_n0
_cBK
_e21
999 _c59588
_d59588